Natural England's policy position on housing growth and green infrastructure (Record no. 107541)

MARC details
000 -LEADER
fixed length control field 01475cad a22002175a 4500
001 - CONTROL NUMBER
control field L140807
008 - FIXED-LENGTH DATA ELEMENTS--GENERAL INFORMATION
fixed length control field 071012s2007 xxk f 000 0 eng d
035 ## - SYSTEM CONTROL NUMBER
System control number (Sirsi) u140807
041 0# - LANGUAGE CODE
Language code of text/sound track or separate title eng
050 04 - LIBRARY OF CONGRESS CALL NUMBER
Classification number 627.4 $2 18
110 2# - MAIN ENTRY--CORPORATE NAME
Corporate name or jurisdiction name as entry element Natural England Board
9 (RLIN) 5386
245 00 - TITLE STATEMENT
Title Natural England's policy position on housing growth and green infrastructure
Remainder of title prescoping paper on principles
Medium [electronic resource]
260 ## - PUBLICATION, DISTRIBUTION, ETC.
Place of publication, distribution, etc. Sheffield
Name of publisher, distributor, etc. Natural England
Date of publication, distribution, etc. 2007
520 ## - SUMMARY, ETC.
Summary, etc. Sets out Natural England's policy position on flooding in the light of major flooding events during summer 2007. Considers the positions of major bodies such as the Environment Agency and DEFRA. Argues that multi-objective schemes at the level of catchments, estuaries and coastal cells should be implemented to a greater degree by the Environment Agency. Such schemes should be designed to work with natural processes rather than seeking to inhibit them. Supports the government strategy. Argues that the shoreline management policy requires greater effort. River restoration, floodplain storage and re-alignment of defences are also seen as key to flood prevention.
590 ## - LOCAL NOTE (RLIN)
Local note KA
650 24 - SUBJECT ADDED ENTRY--TOPICAL TERM
Topical term or geographic name entry element PLANNING POLICY STATEMENT 25
651 #4 - SUBJECT ADDED ENTRY--GEOGRAPHIC NAME
Geographic name England
Chronological subdivision 886-
690 ## - LOCAL SUBJECT ADDED ENTRY--TOPICAL TERM (OCLC, RLIN)
Topical term or geographic name as entry element ENVIRONMENTAL AND LAND CONSULTANCY-WATER RESOURCE MANAGEMENT-FLOODING
856 40 - ELECTRONIC LOCATION AND ACCESS
Uniform Resource Identifier <a href="https://www.naturalengland.org.uk/about/board/oct07/default.htm">https://www.naturalengland.org.uk/about/board/oct07/default.htm</a>
Public note View the item free of charge at www.naturalengland.org.uk...
942 ## - ADDED ENTRY ELEMENTS (KOHA)
Suppress in OPAC 0
Holdings
Withdrawn status Lost status Source of classification or shelving scheme Damaged status Not for loan Home library Current library Shelving location Date acquired Total Checkouts Full call number Barcode Date last seen Copy number Price effective from Koha item type
    Dewey Decimal Classification     Virtual Virtual Online 12/10/2007   ONLINE PUBLICATION 140807-1001 06/08/2019 1 06/08/2019 Book